00331cam a2200109ua 4500020001500000082002200015100002500037245006800062250001100130260006500141300001500206 a8120328345 a519.02462bJOH/MI aJohnson, Richard A . aMiller and Freund`s Probability and Statistics for Engineers /  a / 7th aNew Delhi : bPrentice Hall of India Pvt Ltd. , c1995, 2005 a630 ; .642